| 000 | 01264cam a2200229 4500 | ||
|---|---|---|---|
| 001 | L136658 | ||
| 008 | 110527n2006 000 0 eng u | ||
| 020 | _a0995189528 | ||
| 035 | _a(Sirsi) u136658 | ||
| 041 | 0 | _aeng | |
| 100 | 1 | _aCalvert, John R. | |
| 245 | 0 | 0 |
_aService charge study update 2006 _h[electronic resource] |
| 260 |
_aLoughborough _bLoughborough University Enterprises _c2006 |
||
| 520 | _aDiscusses how the UK multi-let office industry measures up to the requirements of seven standards included in the RICS Code of Practice. Concludes that the industry is a long way from best practice with regards to budget delivery, delivery of certificates, fixed cost management fees, interest credited to service charge accounts, standard cost headings and budget accuracy. | ||
| 590 | _aKA | ||
| 650 | 2 | 4 | _aLOUGHBOROUGH REPORT ON COMMERCIAL PROPERTY SERVICE CHARGES |
| 651 | 4 |
_aUnited Kingdom _y |
|
| 690 | _aPROPERTY-COMMERCIAL PROPERTY-OFFICE PROPERTY-OFFICES | ||
| 690 | _aPROPERTY-COMMERCIAL PROPERTY-COMMERCIAL LANDLORD AND TENANT-COMMERCIAL SERVICE CHARGES | ||
| 856 | 4 | 8 |
_uhttps://www.property-solutions.co.uk/site_media/uploads/The_Truth_About_Service_Charges.pdf _zView the item free of charge at www.property-solutions.co.uk |
| 942 | _n0 | ||
| 999 |
_c106464 _d106464 |
||